Escola Segura: Prevenção de Acidentes e Primeiros Socorros (Record no. 123087)

MARC details
000 -LÍDER
campo de controle de tamanho fixo 00286 a2200109 4500
001 - NÚMERO DE CONTROLE
campo de controle 123087
020 ## - ISBN - INTERNATIONAL STANDARD BOOK NUMBER
ISBN - International Standard Book Number 9798574973189
040 ## - FONTE DA CATALOGAÇÃO
Instituição que transcreveu o registro Escola Canadense de Niteroi
100 ## - ENTRADA PRINCIPAL--NOME PESSOAL
Nome pessoal Minozzo, Edson Leandro
245 10 - TÍTULO
Título Escola Segura: Prevenção de Acidentes e Primeiros Socorros
942 ## - ELEMENTOS DE ENTRADA ADICIONADOS (KOHA)
Tipo de material Koha Referência
Holdings
Situação do descarte Situação das perdas Situação física Não pode ser emprestado Biblioteca de origem Biblioteca atual Data de aquisição Total de empréstimos Código de barras Data de último acesso Data do preço efetivo Tipo de material Koha
        Canadian School of Niterói - Piratininga Canadian School of Niterói - Piratininga 09/02/2024   A09231 09/02/2024 09/02/2024 Referência
        Canadian School of Niterói - Piratininga Canadian School of Niterói - Piratininga 09/02/2024   A09232 09/02/2024 09/02/2024 Referência